Selva humeda de Colombia / (Registro nro. 67)

Detalles MARC
000 -CABECERA
Campo de control 01069nam a2200253 i 4500
005 - FECHA Y HORA DE LA ULTIMA TRANSACCION
Campo de control 20191224041509.0
008 - ELEMENTOS DE LONGITUD FIJA—INFORMACION GENERAL
Campo de control 910912s1990 ck ab b 000 0 spa c
020 ## - ISBN
ISBN Cancelado/ Invalidado 9138632
040 ## - FUENTE DE CATALOGACIÓN
Agencia catalogadora original TxU
Agencia transcriptora TxU
Agencia Modificadora CO-BoIAVH
041 0# - IDIOMA
Código de idioma para texto/pista de sonido o título separado Español
043 ## - GEOGRAPHIC AREA CODE
Geographic area code s-ck---
082 04 - NUMERO DE CLASIFICACION DECIMAL DEWEY
Número de clasificación 577.34
Número del ítem S56s
100 1# - ASIENTO PRINCIPAL--NOMBRE PERSONAL
Nombre personal Shultes, Richard Evans
9 (RLIN) 59632
245 10 - MENCION DE TITULO
Título Selva humeda de Colombia /
Mención de responsabilidad textos, Richard Evans Schultes y (otros tres autores) ; fotografías, Diego Miguel Garcés y (otros cinco fotógrafos) ; diseño y edición, Benjamín Villegas Jiménez, Cristina Uribe Hurtado.
260 ## - PUBLICACION, DISTRIBUCION, ETC. (PIE DE IMPRENTA)
Lugar de publicación, distribución, etc. Bogotá :
Nombre del editor, distribuidor, etc. Villegas Editores,
Fecha de publicación, distribución, etc. 1990.
300 ## - DESCRIPCION FISICA
Extensión 198 páginas :
Otros detalles físicos ilustraciones, fotografías y mapas a color ;
Dimensiones 34 cm.
504 ## - NOTA DE BIBLIOGRAFIA, ETC.
Nota de bibliografía Incluye referencias bibliográficas.
650 14 - ASIENTO SECUNDARIO DE MATERIA - TERMINO TEMATICO
Término temático o nombre geográfico como elemento de entrada Ecología de la selva
Subdivisión geográfica Colombia.
9 (RLIN) 59686
650 24 - ASIENTO SECUNDARIO DE MATERIA - TERMINO TEMATICO
Término temático o nombre geográfico como elemento de entrada Selva
Subdivisión general Obras ilustradas
Subdivisión geográfica Colombia
9 (RLIN) 59687
650 24 - ASIENTO SECUNDARIO DE MATERIA - TERMINO TEMATICO
Término temático o nombre geográfico como elemento de entrada Historia natural
Subdivisión geográfica Colombia
Subdivisión general Obras ilustradas
9 (RLIN) 59688
700 1# - ASIENTO SECUNDARIO - NOMBRE PERSONAL
Nombre personal Villegas Jiménez, Benjamín.
Término de relación editor.
9 (RLIN) 59636
700 1# - ASIENTO SECUNDARIO - NOMBRE PERSONAL
Nombre personal Uribe Hurtado, Cristina.
Término de relación editora.
9 (RLIN) 847
942 ## - ELEMENTOS ADICIONALES (KOHA)
Sistema de clasificación Dewey Decimal Classification
Tipo de ítem Libro
Existencias
Withdrawn status Lost status Sistema de Clasificación Damaged status No para préstamo Colección Inventariado Ubicación Permanente Ubicación actual Fecha de adquisición Fuente de Valor Total Checkouts Número topográfico Inventario / Código de Barras Date last seen Ejemplar Price effective from Forma de adquisición Tipo de material
    Dewey Decimal Classification     General Inventariado 2017 Bogotá Bogotá 16/12/1997 Villegas Editores   LB-577.34 S56s 000074 04/12/2012 Ej. 1 04/12/2012   Libro